000 00520nam a2200193Ia 4500
003 OSt
005 20230531105356.0
008 210423s1984 xx 000 0 und d
040 _cAL
041 _aeng
082 _a330
_223
_bKARI
245 _aImplimentation of the new 20 plan economic programme
260 _aBaggalore
_bCLS
_c1984
300 _av,26
_bPB
650 _aEconomics
_9117630
650 _aEconomics
_9117630
906 _a20 ; economic ; Implimentation ; new ; plan ; programme
942 _2ddc
_cBK
999 _c174597
_d174597